000 00483nam a2200169 a 4500
005 20140412111232.0
008 020604s19uu xx 00 eng d
020 _a981-224-148-5
050 _aTR(PS E
_bSm1 1997
245 _aSmarty's first day at school.
260 _aSingapore :
_bBookworm Publishing House,
_c1997.
300 _a1 v. (unp.) ; ill.
440 _aBookworm Picture Reader
650 _aSchool
_xFiction
650 _aChildren stories
_xFiction
999 _c102204
_d102204